Celebrities by Birth Names - Statistics

General Stats
  • This quiz has been taken 1,909 times
  • The average score is 5 of 15
Answer Stats
Birth Name Celebrity Name % Correct
Nicolas Coppola Nicolas Cage
75%
Carlos Estevez Charlie Sheen
70%
Reginald Dwight Elton John
59%
Robert Zimmerman Bob Dylan
57%
Farrokh Bulsara Freddie Mercury
53%
Natalie Hershlag Natalie Portman
42%
Calvin Broadus Jr. Snoop Dogg
33%
Alecia Moore Pink
31%
Thomas Mapother IV Tom Cruise
30%
Brian Warner Marilyn Manson
20%
Vincent Furnier Alice Cooper
17%
Belcalis Almanzar Cardi B
17%
Eileen Edwards Shania Twain
16%
Marvin Aday Meatloaf
15%
Laurence Tureaud Mr. T
9%
No matching quizzes found
Score Distribution
Percent of People with Each Score
Percentile by Number Answered
Your Score History
You have not taken this quiz